|
|
|
|
| LEADER |
02961njm a2200685 i 4500 |
| 001 |
001561145 |
| 003 |
CZ BrMZK |
| 005 |
20180403153308.0 |
| 007 |
sd fsngnnmmned |
| 008 |
170119t20162016xr ornng def n ita |
| 024 |
1 |
|
|a 099925420420
|
| 028 |
0 |
1 |
|a SU 4204-2
|b Supraphon
|
| 040 |
|
|
|a BOA001
|b cze
|e rda
|
| 041 |
0 |
|
|e cze
|e eng
|e fre
|e ger
|e ita
|g cze
|g eng
|g fre
|g ger
|
| 043 |
|
|
|a e------
|
| 045 |
|
|
|a v-v-
|
| 048 |
|
|
|b va02
|b vd01
|b vg02
|b ca01
|a ob01
|
| 072 |
|
7 |
|x Církevní hudba. Duchovní hudba. Náboženská hudba
|a 783
|2 Konspekt
|9 9
|
| 080 |
|
|
|a 783.3
|2 MRF
|
| 080 |
|
|
|a 783.28
|2 MRF
|
| 080 |
|
|
|a 783.28
|2 MRF
|
| 080 |
|
|
|a (086.76)
|2 MRF
|
| 100 |
1 |
|
|a Richter, František Xaver,
|d 1709-1789
|7 jn19990209717
|4 cmp
|
| 240 |
1 |
0 |
|a Deposizione dalla croce di Gesù Cristo Salvator nostro
|
| 245 |
1 |
3 |
|a La deposizione dalla croce di Gesù Cristo /
|c Franz Xaver Richter
|
| 264 |
|
1 |
|a Praha :
|b Supraphon,
|c 2016
|
| 264 |
|
4 |
|c 2016
|
| 300 |
|
|
|a 2 CD audio (1:51:02) ;
|c 12 cm
|
| 306 |
|
|
|a 015102
|
| 336 |
|
|
|a hraná hudba
|b prm
|2 rdacontent
|
| 337 |
|
|
|a audio
|b s
|2 rdamedia
|
| 338 |
|
|
|a audiodisk
|b sd
|2 rdacarrier
|
| 344 |
|
|
|a digital
|b optical
|g stereo
|2 rda
|
| 347 |
|
|
|a audio soubor
|b CD audio
|2 rda
|
| 500 |
|
|
|a Název z disku
|
| 500 |
|
|
|a "World premiere recording"--Pouzdro
|
| 500 |
|
|
|a Pašijové oratorium pro sóla, sbor a orchestr (1748)
|
| 500 |
|
|
|a Libreto Giovanni Claudio Pasquini
|
| 500 |
|
|
|a Informace o skladateli, interpretech a hudbě a text skladby vícejazyčně (71 stran) v pouzdře
|
| 500 |
|
|
|a Technika záznamu DDD
|
| 511 |
1 |
|
|a Kateřina Kněžíková, soprán ; Jaroslav Březina, tenor ; Philipp Mathmann, soprán - kontratenor ; Piotr Olech, alt - kontratenor ; Lenka Cafourková Ďuricová, soprán ; sbor ; Czech Ensemble Baroque, dirigent Roman Válek
|
| 518 |
|
|
|o Nahráno
|d 17.-20. května 2016
|p klášterní kostel Narození Panny Marie, Vranov u Brna
|
| 648 |
|
7 |
|a 18. století
|7 ch460556
|
| 650 |
0 |
7 |
|a oratoria
|7 ph123779
|z Evropa
|y 18. století
|2 czenas
|
| 650 |
0 |
7 |
|a sepolkra
|7 ph224452
|2 czenas
|
| 650 |
0 |
7 |
|a velikonoční hudba
|7 ph138872
|2 czenas
|
| 655 |
|
7 |
|a kompaktní disky
|7 fd201991
|2 czenas
|
| 700 |
1 |
|
|a Pasquini, Giovanni Claudio,
|d 1695-1763
|7 mzk2009509856
|4 lbt
|
| 700 |
1 |
|
|a Kněžíková, Kateřina,
|d 1982-
|7 osd2014812958
|4 sng
|
| 700 |
1 |
|
|a Březina, Jaroslav,
|d 1968-
|7 jn20020903019
|4 sng
|
| 700 |
1 |
|
|a Mathmann, Philipp
|7 xx0218034
|4 sng
|
| 700 |
1 |
|
|a Olech, Piotr,
|d 1970-
|7 xx0218032
|4 sng
|
| 700 |
1 |
|
|a Cafourková Ďuricová, Lenka,
|d 1986-
|7 pna2015867446
|4 sng
|
| 700 |
1 |
|
|a Válek, Roman,
|d 1963-
|7 jn20000620402
|4 cnd
|
| 710 |
2 |
|
|a Czech Ensemble Baroque (hudební skupina)
|7 kn20130212012
|4 itr
|
| 910 |
|
|
|a BOA001
|b CDR-1378.722
|
| 990 |
|
|
|a AV
|
| 991 |
|
|
|b 201702
|
| 925 |
|
|
|a zpěv (5), smíšený sbor, komorní orchestr
|b V (5), CATB, orch cam
|
| 996 |
6 |
|
|b 2610695139
|c CDR-1378.722
|l MZK
|r Sklad / do 24 hodin
|n 1
|p p.v.
|w 001596546
|u 000010
|a 1
|e BOA001
|j MZK50
|s P
|